ბათუმის შოთა რუსთაველის სახელმწიფო უნივერსიტეტის ბიბლიოთეკა

მეთოდური მითითები ფოლადის ხიდის საკურსო და სადიპლომო პროექტის დამუშავებისათვის / (ბიბ.ჩანაწერი № 56801)

000 -ლიდერი
ფიქსირებული სიგრძის საკონტროლო ველი 00908nam a22001937a 4500
003 - საკონტროლო ნომრის იდენტიფიკატორი
საკონტროლო ველი Ge_BSU
005 - ბოლო ოპერაციის თარიღი და დრო
საკონტროლო ველი 20190430144608.0
008 - ფიქსირებული სიგრძის მონაცემთა ელემენტები - ზოგადი ინფორმაცია
ფიქსირებული სიგრძის საკონტროლო ველი 190430b1973 ge ||||| |||| 00| 0 geo d
041 ## - ენის კოდი
Language code of text/sound track or separate title geo
080 ## - უნივერსალური ათობითი კლასიფიკაციის ინდექსი
Universal Decimal Classification number 624.2/.8(072) ბ-72
100 ## - მთავარი ჩანაწერი - პიროვნების სახელი
Personal name ბიუსი, ი
9 (RLIN) 471
245 ## - ცნობა სათაურის შესახებ
Title მეთოდური მითითები ფოლადის ხიდის საკურსო და სადიპლომო პროექტის დამუშავებისათვის /
Statement of responsibility, etc ი. ბიუსი ; რედ. კირვალიძე.
264 ## - წარმოების, გამოცემის, დისტრიბუციის და სხვა ცნობები
გამოცემის, წარმოების, დისტრიბუციის... ადგილი თბილისი :
გამოცემის, წარმოების, დისტრიბუციის... სახელწოდება სპი ;
გამოცემის, წარმოების, დისტრიბუციის... თარიღი 1976
300 ## - ფიზიკური აღწერა
Extent 71 გვ. :
Other physical details ნახაზები ;
Dimensions 20 სმ.
504 ## - BIBLIOGRAPHY, ETC. NOTE
Bibliography, etc ბიბლიოგრ. : გვ. 70.
653 ## - INDEX TERM--UNCONTROLLED
Uncontrolled term ფოლადის ხიდები
700 ## - ADDED ENTRY--PERSONAL NAME
Personal name კირვალიძე, ე.
Relator term რედაქტორი
9 (RLIN) 538
942 ## - ADDED ENTRY ELEMENTS (KOHA)
Source of classification or shelving scheme
Koha item type წიგნი
ეგზემპლარები
ჩამოწერის სტატუსი დაკარგული ეგზემპლარის სტატუსი კლასიფიკაციის წყარო ან თაროზე გაწყობის სქემა დაზიანების სტატუსი არ გაიცემა მუდმივი მდებარეობა (დაცვის ადგილი) ამჟამინდელი ადგილსამყოფელი თაროზე განთავსების ადგილი შეძენის თარიღი ღირებულება, შესყიდვის ნორმალური ფასი სრული შენახვის შიფრი შტრიხკოდი ბოლო ოპერაციის თარიღი ეგზემპლარის მიმდევრობითი ნომერი (კეტერი?) ფასის ძალაში შესვლის თარიღი ეგზემპლარის სახეობა საჯარო შენიშვნა
          ბათუმის შოთა რუსთაველის სახელმწიფო უნივერსიტეტის მთავარი ბიბლიოთეკა ტექნოლოგიური ფაკულტეტის ბიბლიოთეკა წიგნსაცავი 2019-04-30 0.50 624.2/.8(072) ბ-72 11504 2019-04-30 11504 2019-04-30 წიგნი 0.50 ლ.
          ბათუმის შოთა რუსთაველის სახელმწიფო უნივერსიტეტის მთავარი ბიბლიოთეკა ტექნოლოგიური ფაკულტეტის ბიბლიოთეკა წიგნსაცავი 2019-04-30 0.50 624.2/.8(072) ბ-72 11505 2019-04-30 11505 2019-04-30 წიგნი 0.50 ლ.
          ბათუმის შოთა რუსთაველის სახელმწიფო უნივერსიტეტის მთავარი ბიბლიოთეკა ტექნოლოგიური ფაკულტეტის ბიბლიოთეკა წიგნსაცავი 2019-04-30 0.50 624.2/.8(072) ბ-72 11506 2019-04-30 11506 2019-04-30 წიგნი 0.50 ლ.
          ბათუმის შოთა რუსთაველის სახელმწიფო უნივერსიტეტის მთავარი ბიბლიოთეკა ტექნოლოგიური ფაკულტეტის ბიბლიოთეკა წიგნსაცავი 2019-04-30 0.50 624.2/.8(072) ბ-72 11508 2019-04-30 11508 2019-04-30 წიგნი 0.50 ლ.
          ბათუმის შოთა რუსთაველის სახელმწიფო უნივერსიტეტის მთავარი ბიბლიოთეკა ტექნოლოგიური ფაკულტეტის ბიბლიოთეკა წიგნსაცავი 2019-04-30 0.50 624.2/.8(072) ბ-72 11507 2019-04-30 11507 2019-04-30 წიგნი 0.50 ლ.